000 00542nam a22002057i 4500
001 3501
003 OSt
005 20170126082319.0
007 tu
008 161220s1997 xxu||||| |||| 00| 0 d
024 7 _a3500
_2RID
040 _cOSt
084 _a11.431
_2z
100 1 _aNers, Krzysztof J.
245 0 0 _aMoving Beyond the EU White Paper and Approximation of Law. The Case for a Polish Accession Strategy
260 _aWarschau :
_bFriedrich-Ebert-Stiftung, Warschau,
_c1997.
300 _a37 S. ;
_c30cm.
651 _aEU
651 _aPoland
942 _cB
999 _c3451
_d3451